Loading...

Fundamentals of software engineering /

Bibliographic Details
Main Author: Ghezzi, Carlo
Other Authors: Jazayeri, Mehdi, Mandrioli, Dino
Format: Printed Book
Language:English
Published: Upper Saddle River, N.J. : Prentice Hall, c2003.
Edition:2nd ed.
Subjects:
LEADER 01214cam a22003254a 4500
001 12795976
003 inmpuc
005 20200930105148.0
008 020530s2003 njua b 001 0 eng
010 |a  2002072727 
020 |a 0133056996 
040 |a DLC  |c DLC  |d DLC 
042 |a pcc 
050 0 0 |a QA76.758  |b .G47 2003 
082 0 0 |a 005.1 GHE/F  |2 21 
100 1 |a Ghezzi, Carlo. 
245 1 0 |a Fundamentals of software engineering /  |c Carlo Ghezzi, Mehdi Jazayeri, Dino Mandrioli. 
246 3 0 |a Software engineering 
250 |a 2nd ed. 
260 |a Upper Saddle River, N.J. :  |b Prentice Hall,  |c c2003. 
300 |a xx, 604 p. :  |b ill. ;  |c 24 cm. 
504 |a Includes bibliographical references (p. 560-588) and index. 
650 0 |a Software engineering. 
700 1 |a Jazayeri, Mehdi. 
700 1 |a Mandrioli, Dino. 
906 |a 7  |b cbc  |c orignew  |d 1  |e ocip  |f 20  |g y-gencatlg 
942 |2 ddc  |c BK 
955 |a to ASCD pv10 2002-05-30  |c jf05 2002-05-31 to subj.;  |a aa21 2002-06-03  |a ps05 2002-12-24 bk rec'd, to CIP ver.  |a jf00 2003-01-17; 
999 |c 353155  |d 353155 
952 |0 0  |1 0  |2 ddc  |4 0  |6 005_100000000000000_GHE_F  |7 0  |9 408258  |a DCS  |b DCS  |c ST1  |d 2018-07-09  |i 1355  |l 0  |o 005.1 GHE/F  |p DCS1355  |r 2020-09-30  |w 2020-09-30  |y BK